Evaluación: nuevos significados para una práctica compleja /

Guardado en:
Autor Principal: Bertoni, Alicia
Otros Autores: Poggi, Margarita / Teobaldo, Marta
Formato: Libro
Publicado: Buenos Aires : Kapelusz, 1995
Series:Tri ngulos pedag¢gicos
Materias:
Etiquetas: Agregar Etiqueta
Sin Etiquetas, Sea el primero en etiquetar este registro!
LEADER 00830nam a22002055a 4500
001 CEM.cems008889
005 20060214000000.0
008 130507s1995##################000#0#####d
003 CEMS
082 0 4 |a 371.26 
100 1 |a Bertoni, Alicia 
245 1 0 |a Evaluación: nuevos significados para una práctica compleja / 
260 |a Buenos Aires :  |b Kapelusz,  |c 1995 
300 |a 107 p. 
490 0 |a Tri ngulos pedag¢gicos 
505 0 |a Los significados de la evaluaci¢n educativa: alternativas te¢ricas. Reflexiones, dilemas y posiciones metodol¢gicas. Evaluaci¢n de los saberes aprendidos. La evaluaci¢n de las pruebas de evaluaci¢n. La funci¢n de la devoluci¢n. 
653 |a Educacion 
653 |a Evaluacion 
700 1 |a Poggi, Margarita / Teobaldo, Marta 
859 |a CEMS  |b BIB. CEMS - 11 de abril  |h 371.26  |i B462  |p 18422.95  |t Ej.1